Frankish and French Monarchs - Statistics

General Stats
  • This quiz has been taken 41 times
  • The average score is 40 of 94
Answer Stats
Hint Answer % Correct
Louis XIV
96%
Louis II
75%
Louis III
75%
Louis IV
75%
Louis XV
75%
Louis XVI
75%
Charles I
71%
Louis V
71%
Louis VI
71%
Louis VII
71%
Louis VIII
71%
Louis X
71%
Louis XI
71%
Louis XIII
71%
Disputed Louis XVII
71%
Louis XVIII
71%
Charles II
67%
Louis XII
67%
Charles III
63%
Louis IX
63%
Charles IV
58%
Charles V
58%
Clovis I
58%
Henry I
58%
Henry II
58%
Henry III
58%
Disputed Louis XIX
58%
Napoleon I
58%
Disputed Napoleon II
58%
Charles VI
54%
Charles VII
54%
Charles VIII
54%
Clovis II
54%
Henry IV
54%
Napoleon III
54%
Charles IX
50%
Clovis III
50%
Clovis IV
50%
Disputed Henry V
50%
Pepin
50%
Charles X
46%
Philip I
46%
Philip II
46%
Robert I
46%
Francis I
42%
Francis II
42%
John I
42%
Carloman I
38%
John II
38%
Philip III
38%
Robert II
38%
Childeric I
33%
Chilperic I
33%
Chilperic II
33%
Lothair
33%
Merovech
33%
Odo
33%
Philip IV
33%
Philip V
33%
Carloman II
29%
Childeric II
29%
Childeric III
29%
Dagobert I
29%
Dagobert II
29%
Hugh Capet
29%
Philip VI
29%
Theuderic I
29%
Childebert I
25%
Louis Philippe I
25%
Rudolph
25%
Charles the Fat
21%
Childebert II
21%
Childebert III
21%
Chlodio
21%
Chlothar I
21%
Dagobert III
21%
Theuderic II
21%
Theuderic III
21%
Theuderic IV
21%
Chlodomer
17%
Chlothar II
17%
Theudebald
17%
Theudebert I
17%
Theudebert II
17%
Charibert I
13%
Charibert II
13%
Childebert the Adopted
13%
Chlothar III
13%
Guntram
13%
Louis I the Pious
13%
Sigebert I
13%
Sigebert II
13%
Sigebert III
13%
Disputed Louis Philippe II
8%
No matching quizzes found
Score Distribution
Percent of People with Each Score
Percentile by Number Answered
Your Score History
You have not taken this quiz